[Event "XXVII Miedzynarodowy Festiwal Szachowy im. Jozefa Dominika"]
[Site "Dobczyce"]
[Date "2019.07.10"]
[Round "8.2"]
[White "Iwanczuk, Krzysztof"]
[Black "Kyc, Jerzy"]
[Result "0-1"]
[BlackElo "2279"]
[WhiteElo "1775"]
[LiveChessVersion "1.4.8"]

1. e4 {[%clk 1:30:55]} c5 {[%clk 1:30:57]} 2. Nf3 {[%clk 1:31:19]} d6
{[%clk 1:31:25]} 3. d4 {[%clk 1:31:43]} cxd4 {[%clk 1:31:54]} 4. Qxd4
{[%clk 1:32:06]} Bd7 {[%clk 1:32:16]} 5. c4 {[%clk 1:32:28]} Nc6 {[%clk 1:32:44]}
6. Qd2 {[%clk 1:32:49]} g6 {[%clk 1:32:58]} 7. b3 {[%clk 1:33:15]} Bg7
{[%clk 1:33:20]} 8. Bb2 {[%clk 1:33:40]} Nf6 {[%clk 1:33:46]} 9. Nc3
{[%clk 1:34:04]} Qa5 {[%clk 1:34:11]} 10. Rb1 {[%clk 1:34:12]} O-O
{[%clk 1:34:16]} 11. Be2 {[%clk 1:34:33]} Bg4 {[%clk 1:34:17]} 12. O-O
{[%clk 1:34:45]} Rfd8 {[%clk 1:33:57]} 13. Rfe1 {[%clk 1:32:11]} a6
{[%clk 1:28:39]} 14. a3 {[%clk 1:32:04]} Rac8 {[%clk 1:27:58]} 15. h3
{[%clk 1:25:08]} Bxf3 {[%clk 1:28:19]} 16. Bxf3 {[%clk 1:25:33]} Ne5
{[%clk 1:24:24]} 17. Be2 {[%clk 1:25:51]} b5 {[%clk 1:24:13]} 18. b4
{[%clk 1:16:38]} Qb6 {[%clk 1:23:33]} 19. cxb5 {[%clk 1:16:52]} axb5
{[%clk 1:21:31]} 20. Nxb5 {[%clk 1:16:52]} Nxe4 {[%clk 1:21:39]} 21. Qf4
{[%clk 1:17:17]} f5 {[%clk 1:04:58]} 22. Bd4 {[%clk 1:17:42]} Qb8
{[%clk 1:03:50]} 23. Rec1 {[%clk 1:14:01]} Bf6 {[%clk 0:59:58]} 24. h4
{[%clk 1:08:42]} Nd7 {[%clk 0:40:51]} 25. Bxf6 {[%clk 1:02:35]} Ndxf6
{[%clk 0:40:59]} 26. Qe3 {[%clk 0:51:28]} e5 {[%clk 0:39:43]} 27. Na7
{[%clk 0:37:38]} Nd5 {[%clk 0:38:38]} 28. Rxc8 {[%clk 0:36:50]} Rxc8
{[%clk 0:39:02]} 29. Qb3 {[%clk 0:37:10]} Qxa7 {[%clk 0:39:15]} 30. Qxd5+
{[%clk 0:37:35]} Kg7 {[%clk 0:39:40]} 31. Kh2 {[%clk 0:32:21]} Rc2
{[%clk 0:38:07]} 32. Bd3 {[%clk 0:32:19]} Rd2 {[%clk 0:37:56]} 33. Qc4
{[%clk 0:31:31]} Qxf2 {[%clk 0:36:44]} 34. Bxe4 {[%clk 0:31:54]} fxe4
{[%clk 0:36:55]} 35. Qf1 {[%clk 0:31:03]} Qxh4+ {[%clk 0:37:13]} 36. Kg1
{[%clk 0:31:29]} e3 {[%clk 0:36:20]} 37. b5 {[%clk 0:31:01]} e2 {[%clk 0:36:08]}
38. Qe1 {[%clk 0:31:16]} Qd4+ {[%clk 0:36:23]} 0-1

[Event "XXVII Miedzynarodowy Festiwal Szachowy im. Jozefa Dominika"]
[Site "Dobczyce"]
[Date "2019.07.10"]
[Round "8.3"]
[White "Dziewonski, Dariusz"]
[Black "Luberanski, Jakub"]
[Result "1-0"]
[BlackElo "2010"]
[WhiteElo "1879"]
[LiveChessVersion "1.4.8"]

1. e4 {[%clk 1:30:57]} c5 {[%clk 1:30:55]} 2. Nf3 {[%clk 1:31:19]} e6
{[%clk 1:31:20]} 3. d4 {[%clk 1:31:41]} cxd4 {[%clk 1:31:47]} 4. Nxd4
{[%clk 1:32:07]} Nf6 {[%clk 1:32:14]} 5. Nc3 {[%clk 1:32:29]} d6 {[%clk 1:32:41]}
6. Bc4 {[%clk 1:32:51]} Be7 {[%clk 1:32:59]} 7. Bb3 {[%clk 1:33:14]} O-O
{[%clk 1:32:51]} 8. Be3 {[%clk 1:33:30]} Na6 {[%clk 1:30:56]} 9. f4
{[%clk 1:32:38]} Nc5 {[%clk 1:26:38]} 10. Qf3 {[%clk 1:32:34]} a6
{[%clk 1:16:56]} 11. O-O-O {[%clk 1:16:10]} Qc7 {[%clk 1:10:35]} 12. f5
{[%clk 0:55:43]} e5 {[%clk 0:59:16]} 13. Nde2 {[%clk 0:54:57]} Nxb3+
{[%clk 0:54:55]} 14. axb3 {[%clk 0:49:24]} b5 {[%clk 0:54:48]} 15. g4
{[%clk 0:45:41]} b4 {[%clk 0:54:44]} 16. Na4 {[%clk 0:41:11]} Bb7
{[%clk 0:54:04]} 17. Ng3 {[%clk 0:38:50]} Rac8 {[%clk 0:50:33]} 18. Rd2
{[%clk 0:33:34]} d5 {[%clk 0:36:09]} 19. g5 {[%clk 0:24:05]} dxe4
{[%clk 0:15:45]} 20. Qe2 {[%clk 0:21:25]} Nd5 {[%clk 0:16:08]} 21. f6
{[%clk 0:19:29]} Bd8 {[%clk 0:15:28]} 22. Nf5 {[%clk 0:12:15]} g6
{[%clk 0:10:52]} 23. Nh6+ {[%clk 0:11:39]} Kh8 {[%clk 0:11:18]} 24. Bc5
{[%clk 0:11:00]} e3 {[%clk 0:09:31]} 25. Rxd5 {[%clk 0:08:45]} Bxd5
{[%clk 0:09:44]} 26. Bxf8 {[%clk 0:08:42]} Bxf6 {[%clk 0:10:10]} 27. gxf6
{[%clk 0:05:53]} Rxf8 {[%clk 0:10:36]} 28. Rd1 {[%clk 0:04:51]} Bxb3
{[%clk 0:09:36]} 29. Nb6 {[%clk 0:04:44]} Bxc2 {[%clk 0:07:37]} 30. Rd7
{[%clk 0:02:39]} Qxb6 {[%clk 0:03:02]} 31. Nxf7+ {[%clk 0:02:47]} Kg8
{[%clk 0:03:17]} 32. Nh6+ {[%clk 0:01:10]} Kh8 {[%clk 0:03:43]} 33. Nf7+
{[%clk 0:01:38]} Kg8 {[%clk 0:04:09]} 34. Qc4 {[%clk 0:00:48]} Bb3
{[%clk 0:02:56]} 35. Qxb3 {[%clk 0:00:39]} Rc8+ {[%clk 0:02:58]} 36. Kb1
{[%clk 0:00:51]} Kf8 {[%clk 0:03:22]} 37. Nh6 {[%clk 0:00:47]} Rc1+
{[%clk 0:01:46]} 38. Kxc1 {[%clk 0:01:13]} Qc6+ {[%clk 0:02:14]} 39. Kb1
{[%clk 0:01:33]} Qh1+ {[%clk 0:02:17]} 40. Ka2 {[%clk 0:01:50]} 1-0

[Event "XXVII Miedzynarodowy Festiwal Szachowy im. Jozefa Dominika"]
[Site "Dobczyce"]
[Date "2019.07.10"]
[Round "8.4"]
[White "Cisek, Kamil"]
[Black "Kawalko, Adam"]
[Result "1-0"]
[BlackElo "1920"]
[WhiteElo "1891"]
[LiveChessVersion "1.4.8"]

1. d4 {[%clk 1:30:57]} Nf6 {[%clk 1:30:51]} 2. c4 {[%clk 1:31:21]} e6
{[%clk 1:31:10]} 3. g3 {[%clk 1:31:41]} c5 {[%clk 1:30:54]} 4. d5
{[%clk 1:31:43]} exd5 {[%clk 1:31:22]} 5. cxd5 {[%clk 1:32:06]} b5
{[%clk 1:31:00]} 6. Bg2 {[%clk 1:30:43]} d6 {[%clk 1:25:53]} 7. a4
{[%clk 1:16:39]} Qa5+ {[%clk 1:20:47]} 8. Qd2 {[%clk 1:11:48]} b4
{[%clk 1:18:59]} 9. b3 {[%clk 1:11:33]} Be7 {[%clk 1:14:00]} 10. Bb2
{[%clk 1:10:02]} O-O {[%clk 1:12:09]} 11. Na3 {[%clk 1:08:17]} Ba6
{[%clk 1:10:44]} 12. Nh3 {[%clk 1:07:51]} Re8 {[%clk 1:08:09]} 13. O-O
{[%clk 1:06:05]} Bd8 {[%clk 1:02:09]} 14. Nc4 {[%clk 1:05:07]} Bxc4
{[%clk 0:59:27]} 15. bxc4 {[%clk 1:05:33]} Nbd7 {[%clk 0:57:38]} 16. f4
{[%clk 1:00:20]} Nb6 {[%clk 0:49:47]} 17. Qd3 {[%clk 0:59:14]} Qa6
{[%clk 0:44:04]} 18. Rfc1 {[%clk 0:58:01]} Ng4 {[%clk 0:39:29]} 19. e4
{[%clk 0:57:29]} Bf6 {[%clk 0:39:29]} 20. Bxf6 {[%clk 0:57:29]} Nxf6
{[%clk 0:39:29]} 21. Nf2 {[%clk 0:57:29]} Qc8 {[%clk 0:39:29]} 22. Re1
{[%clk 0:46:36]} a5 {[%clk 0:28:32]} 23. e5 {[%clk 0:43:53]} dxe5
{[%clk 0:28:32]} 24. fxe5 {[%clk 0:43:53]} Ng4 {[%clk 0:28:32]} 25. Nxg4
{[%clk 0:37:38]} Qxg4 {[%clk 0:26:59]} 26. Re4 {[%clk 0:34:59]} Qf5
{[%clk 0:25:15]} 27. Rf1 {[%clk 0:29:22]} Qd7 {[%clk 0:22:43]} 28. Rh4
{[%clk 0:28:08]} g6 {[%clk 0:21:40]} 29. Bh3 {[%clk 0:27:23]} Qe7
{[%clk 0:14:28]} 30. e6 {[%clk 0:26:06]} f5 {[%clk 0:14:25]} 31. Bxf5
{[%clk 0:23:34]} gxf5 {[%clk 0:13:22]} 32. Qxf5 {[%clk 0:23:22]} Kh8
{[%clk 0:11:37]} 33. Rg4 {[%clk 0:21:00]} Nxc4 {[%clk 0:10:19]} 34. Rxc4
{[%clk 0:20:52]} Qg7 {[%clk 0:09:38]} 35. Qf6 {[%clk 0:18:26]} b3
{[%clk 0:07:26]} 36. Qxg7+ {[%clk 0:18:19]} Kxg7 {[%clk 0:07:54]} 37. Rxc5
{[%clk 0:18:25]} Rab8 {[%clk 0:07:51]} 38. Kg2 {[%clk 0:12:00]} b2
{[%clk 0:06:37]} 39. Rb1 {[%clk 0:12:10]} Kf6 {[%clk 0:06:39]} 40. Rxa5
{[%clk 0:11:53]} Rec8 {[%clk 0:06:56]} 41. Rb5 {[%clk 0:11:41]} Rc2+
{[%clk 0:06:05]} 42. Kh3 {[%clk 0:12:00]} Rd8 {[%clk 0:05:41]} 43. R1xb2
{[%clk 0:09:31]} Rxb2 {[%clk 0:06:02]} 44. Rxb2 {[%clk 0:09:57]} Rxd5
{[%clk 0:06:27]} 45. Re2 {[%clk 0:10:16]} Ke7 {[%clk 0:06:28]} 46. Re4
{[%clk 0:10:35]} h5 {[%clk 0:06:12]} 47. g4 {[%clk 0:10:17]} hxg4+
{[%clk 0:06:20]} 48. Kxg4 {[%clk 0:10:46]} Ra5 {[%clk 0:06:38]} 49. h4
{[%clk 0:11:07]} Rc5 {[%clk 0:07:01]} 50. h5 {[%clk 0:11:25]} Rc1
{[%clk 0:06:43]} 51. h6 {[%clk 0:10:58]} Rg1+ {[%clk 0:06:46]} 52. Kh5
{[%clk 0:11:14]} Rh1+ {[%clk 0:07:10]} 53. Rh4 {[%clk 0:11:02]} Rc1
{[%clk 0:07:34]} 54. h7 {[%clk 0:11:20]} Rc8 {[%clk 0:08:00]} 55. Kg6
{[%clk 0:11:46]} 1-0

[Event "XXVII Miedzynarodowy Festiwal Szachowy im. Jozefa Dominika"]
[Site "Dobczyce"]
[Date "2019.07.10"]
[Round "8.5"]
[White "Widla, Piotr"]
[Black "Kuciel, Wladyslaw"]
[Result "1-0"]
[BlackElo "1966"]
[WhiteElo "1989"]
[LiveChessVersion "1.4.8"]

1. e4 {[%clk 1:30:58]} c5 {[%clk 1:30:21]} 2. Nc3 {[%clk 1:31:14]} a6
{[%clk 1:30:35]} 3. Nf3 {[%clk 1:31:28]} d6 {[%clk 1:30:11]} 4. d4
{[%clk 1:31:53]} cxd4 {[%clk 1:30:33]} 5. Nxd4 {[%clk 1:32:20]} e5
{[%clk 1:30:35]} 6. Nde2 Nf6 {[%clk 1:30:01]} 7. g3 {[%clk 1:31:59]} Nc6
{[%clk 1:28:58]} 8. Bg2 {[%clk 1:32:17]} Be7 {[%clk 1:28:42]} 9. O-O
{[%clk 1:32:28]} O-O {[%clk 1:26:29]} 10. h3 {[%clk 1:25:09]} Be6
{[%clk 1:17:19]} 11. Nd5 {[%clk 1:22:48]} Rc8 {[%clk 1:17:21]} 12. Be3
{[%clk 1:20:54]} Bxd5 {[%clk 1:16:28]} 13. exd5 {[%clk 1:20:52]} Nb8
{[%clk 1:12:07]} 14. g4 {[%clk 1:20:48]} h6 {[%clk 1:11:30]} 15. Ng3
{[%clk 1:14:20]} Nh7 {[%clk 1:06:58]} 16. Qd3 {[%clk 1:01:30]} Bg5
{[%clk 0:58:38]} 17. Be4 {[%clk 0:59:52]} g6 {[%clk 0:55:00]} 18. Nf5
{[%clk 0:31:51]} gxf5 {[%clk 0:54:25]} 19. Bxf5 {[%clk 0:32:01]} Nf6
{[%clk 0:50:38]} 20. Bxc8 {[%clk 0:29:26]} Qxc8 {[%clk 0:50:27]} 21. f4
{[%clk 0:24:57]} exf4 {[%clk 0:49:18]} 22. Bxf4 {[%clk 0:25:26]} Qc5+
{[%clk 0:48:32]} 23. Kh2 {[%clk 0:25:44]} Nxd5 {[%clk 0:44:52]} 24. Bxg5
{[%clk 0:25:27]} hxg5 {[%clk 0:45:14]} 25. Rf5 {[%clk 0:25:43]} 1-0

[Event "XXVII Miedzynarodowy Festiwal Szachowy im. Jozefa Dominika"]
[Site "Dobczyce"]
[Date "2019.07.10"]
[Round "8.6"]
[White "Madej, Marek"]
[Black "Kawula, Andrzej"]
[Result "1-0"]
[BlackElo "1876"]
[WhiteElo "1843"]
[LiveChessVersion "1.4.8"]

1. e4 {[%clk 1:30:32]} e6 {[%clk 1:30:45]} 2. d4 {[%clk 1:30:38]} d5
{[%clk 1:30:57]} 3. Nd2 {[%clk 1:30:48]} c5 {[%clk 1:28:53]} 4. Ngf3
{[%clk 1:29:04]} Nf6 {[%clk 1:28:03]} 5. exd5 {[%clk 1:25:28]} exd5
{[%clk 1:26:41]} 6. Bb5+ {[%clk 1:25:32]} Nc6 {[%clk 1:25:18]} 7. O-O
{[%clk 1:24:31]} Bd6 {[%clk 1:14:43]} 8. Re1+ {[%clk 1:22:40]} Be6
{[%clk 1:13:05]} 9. dxc5 {[%clk 1:21:56]} Bxc5 {[%clk 1:13:13]} 10. Nb3
{[%clk 1:22:16]} Qb6 {[%clk 1:00:14]} 11. Nxc5 {[%clk 1:21:50]} Qxc5
{[%clk 1:00:06]} 12. Nd4 {[%clk 1:13:13]} O-O {[%clk 0:59:19]} 13. Bxc6
{[%clk 1:13:02]} bxc6 {[%clk 0:59:18]} 14. Nxe6 {[%clk 1:10:04]} fxe6
{[%clk 0:59:27]} 15. Rxe6 {[%clk 1:09:34]} d4 {[%clk 0:33:19]} 16. c3
{[%clk 0:46:34]} Qf5 {[%clk 0:23:48]} 17. Re1 {[%clk 0:37:19]} Nd5
{[%clk 0:14:57]} 18. Qxd4 {[%clk 0:35:44]} c5 {[%clk 0:09:12]} 19. Qxc5
{[%clk 0:35:08]} Rac8 {[%clk 0:09:35]} 20. Qxa7 {[%clk 0:34:24]} Rc7
{[%clk 0:09:42]} 21. Qd4 {[%clk 0:34:05]} Rc4 {[%clk 0:09:44]} 22. Qd2
{[%clk 0:33:23]} Nf4 {[%clk 0:05:37]} 23. Qe3 {[%clk 0:25:32]} Qd5
{[%clk 0:01:37]} 24. f3 {[%clk 0:24:03]} Qg5 {[%clk 0:00:51]} 25. Qf2
{[%clk 0:19:57]} Nh3+ {[%clk 0:01:01]} 26. Kf1 {[%clk 0:20:22]} Qb5
{[%clk 0:00:33]} 27. Qe2 {[%clk 0:19:52]} 1-0

[Event "XXVII Miedzynarodowy Festiwal Szachowy im. Jozefa Dominika"]
[Site "Dobczyce"]
[Date "2019.07.10"]
[Round "8.7"]
[White "Mirowska, Oliwia"]
[Black "Krawczyk, Wojciech"]
[Result "1/2-1/2"]
[BlackElo "1780"]
[WhiteElo "1735"]
[LiveChessVersion "1.4.8"]

1. d4 {[%clk 1:30:24]} Nf6 {[%clk 1:30:53]} 2. Nf3 {[%clk 1:29:32]} e6
{[%clk 1:31:11]} 3. Bf4 {[%clk 1:29:04]} b6 {[%clk 1:30:39]} 4. c4
{[%clk 1:28:47]} Bb7 {[%clk 1:30:59]} 5. Nc3 {[%clk 1:29:01]} Bb4
{[%clk 1:31:12]} 6. Qb3 {[%clk 1:28:14]} Be7 {[%clk 1:26:28]} 7. g3
{[%clk 1:22:01]} O-O {[%clk 1:25:57]} 8. Bg2 {[%clk 1:22:13]} Na6
{[%clk 1:25:16]} 9. Rd1 {[%clk 1:21:02]} d5 {[%clk 1:25:14]} 10. a3
{[%clk 1:16:48]} Bd6 {[%clk 1:22:47]} 11. Bxd6 cxd6 {[%clk 1:22:28]} 12. cxd5
{[%clk 1:15:00]} Nxd5 {[%clk 1:21:46]} 13. Nxd5 {[%clk 1:15:21]} Bxd5
{[%clk 1:22:01]} 14. Qd3 {[%clk 1:15:17]} Nc7 {[%clk 1:22:22]} 15. O-O
{[%clk 1:15:07]} h6 {[%clk 1:17:11]} 16. e4 {[%clk 1:10:21]} Bb7 {[%clk 1:17:31]}
17. Rfe1 {[%clk 1:10:16]} Qe7 {[%clk 1:17:21]} 18. Nd2 {[%clk 1:07:38]} Rac8
{[%clk 1:10:51]} 19. Rc1 {[%clk 0:59:19]} Rfd8 {[%clk 0:47:59]} 20. f4 e5 21. f5
{[%clk 0:58:34]} exd4 {[%clk 0:47:31]} 22. Qxd4 {[%clk 0:58:15]} Qe5
{[%clk 0:45:02]} 23. Qe3 {[%clk 0:19:30]} Ne8 {[%clk 0:38:14]} 24. b4
{[%clk 0:19:13]} Nf6 {[%clk 0:37:41]} 25. Nc4 {[%clk 0:16:50]} Qe7
{[%clk 0:20:52]} 26. Qf4 {[%clk 0:12:51]} b5 {[%clk 0:18:22]} 27. Na5
{[%clk 0:05:31]} Ba8 {[%clk 0:15:11]} 28. e5 {[%clk 0:04:37]} Rxc1
{[%clk 0:14:15]} 29. Qxc1 {[%clk 0:04:37]} dxe5 {[%clk 0:14:25]} 30. Bxa8
{[%clk 0:04:43]} Rxa8 {[%clk 0:14:50]} 31. Nc6 {[%clk 0:05:02]} Qd7
{[%clk 0:10:19]} 32. Rxe5 {[%clk 0:04:31]} 1/2-1/2

[Event "XXVII Miedzynarodowy Festiwal Szachowy im. Jozefa Dominika"]
[Site "Dobczyce"]
[Date "2019.07.10"]
[Round "8.8"]
[White "Jalowiec, Halina"]
[Black "Seredyn, Dominik"]
[Result "0-1"]
[BlackElo "1737"]
[WhiteElo "1919"]
[LiveChessVersion "1.4.8"]

1. d4 {[%clk 1:31:00]} d5 {[%clk 1:30:48]} 2. Nf3 {[%clk 1:31:24]} Nf6
{[%clk 1:31:10]} 3. Bf4 {[%clk 1:31:31]} c5 {[%clk 1:31:31]} 4. c3
{[%clk 1:30:34]} Nc6 {[%clk 1:31:40]} 5. e3 {[%clk 1:30:34]} Qb6 {[%clk 1:31:57]}
6. Qb3 {[%clk 1:28:30]} c4 {[%clk 1:32:17]} 7. Qxb6 {[%clk 1:28:26]} axb6
{[%clk 1:32:40]} 8. Nbd2 {[%clk 1:28:43]} Bf5 {[%clk 1:31:57]} 9. Nh4
{[%clk 1:26:44]} Bg6 {[%clk 1:30:42]} 10. Nxg6 {[%clk 1:24:43]} hxg6
{[%clk 1:31:01]} 11. Be2 {[%clk 1:24:57]} e6 {[%clk 1:30:36]} 12. O-O
{[%clk 1:25:16]} Be7 {[%clk 1:30:46]} 13. b3 {[%clk 1:20:52]} b5 {[%clk 1:29:27]}
14. Rfb1 {[%clk 1:11:43]} Ra7 {[%clk 1:28:07]} 15. b4 {[%clk 1:08:49]} Ra3
{[%clk 1:27:09]} 16. Rc1 {[%clk 1:08:51]} O-O {[%clk 1:27:10]} 17. Nb1
{[%clk 1:08:59]} Ra7 {[%clk 1:26:45]} 18. f3 {[%clk 1:08:42]} Rfa8
{[%clk 1:26:36]} 19. a3 {[%clk 1:05:23]} Nxb4 {[%clk 1:21:14]} 20. cxb4
{[%clk 1:05:43]} Bxb4 {[%clk 1:21:39]} 21. Kf2 {[%clk 0:53:53]} Be7
{[%clk 1:20:46]} 22. Nc3 {[%clk 0:48:05]} b4 {[%clk 1:18:57]} 23. Nb5
{[%clk 0:46:28]} Ra5 {[%clk 1:17:58]} 24. Nd6 {[%clk 0:41:25]} b3
{[%clk 1:15:54]} 25. Rab1 {[%clk 0:37:41]} b5 {[%clk 1:11:17]} 26. Bd1
{[%clk 0:33:59]} R8a6 {[%clk 1:07:11]} 27. Nb7 {[%clk 0:22:22]} Rxa3
{[%clk 1:07:25]} 28. Nc5 {[%clk 0:22:49]} Ra2+ {[%clk 1:00:42]} 29. Kf1
{[%clk 0:20:21]} R6a3 {[%clk 0:59:53]} 30. Nxb3 {[%clk 0:16:16]} cxb3
{[%clk 1:00:00]} 31. Bxb3 {[%clk 0:16:41]} Rd2 {[%clk 0:59:19]} 32. Rc8+
{[%clk 0:15:56]} Kh7 {[%clk 0:59:23]} 33. Rb8 {[%clk 0:14:49]} b4
{[%clk 0:57:53]} 34. Rb7 {[%clk 0:15:08]} Ng8 {[%clk 0:56:31]} 35. Bd1
{[%clk 0:13:41]} Raa2 {[%clk 0:56:37]} 36. Bg3 {[%clk 0:12:13]} Rxg2
{[%clk 0:53:53]} 37. Bb3 {[%clk 0:12:07]} Rab2 {[%clk 0:53:50]} 38. Rxb2
{[%clk 0:11:49]} Rxb2 {[%clk 0:54:13]} 39. Ba4 {[%clk 0:12:16]} Bg5
{[%clk 0:45:24]} 40. f4 {[%clk 0:11:12]} Bf6 {[%clk 0:45:29]} 41. h3
{[%clk 0:10:16]} Nh6 {[%clk 0:45:11]} 42. Bf2 {[%clk 0:09:27]} g5
{[%clk 0:39:42]} 43. fxg5 {[%clk 0:09:46]} Bxg5 {[%clk 0:40:11]} 44. Bd1
{[%clk 0:09:22]} Nf5 {[%clk 0:38:57]} 45. Rxf7 {[%clk 0:09:45]} Kg6
{[%clk 0:37:40]} 46. Rb7 {[%clk 0:09:33]} Bxe3 {[%clk 0:37:36]} 47. Be1
{[%clk 0:09:59]} Bxd4 {[%clk 0:37:08]} 48. Bxb4 {[%clk 0:10:07]} Ng3+ 49. Bb3
Rb1+ 0-1

[Event "XXVII Miedzynarodowy Festiwal Szachowy im. Jozefa Dominika"]
[Site "Dobczyce"]
[Date "2019.07.10"]
[Round "8.9"]
[White "Cichon, Jakub"]
[Black "Klementys, Jerzy"]
[Result "1-0"]
[BlackElo "1656"]
[WhiteElo "1707"]
[LiveChessVersion "1.4.8"]

1. e4 {[%clk 1:30:54]} c5 {[%clk 1:30:59]} 2. Nf3 {[%clk 1:31:18]} d6
{[%clk 1:31:25]} 3. d4 {[%clk 1:31:45]} cxd4 {[%clk 1:31:50]} 4. Nxd4
{[%clk 1:32:12]} Nf6 {[%clk 1:32:19]} 5. Nc3 {[%clk 1:32:41]} a6 {[%clk 1:32:37]}
6. Bg5 {[%clk 1:33:05]} e6 {[%clk 1:33:00]} 7. f4 {[%clk 1:33:31]} Be7
{[%clk 1:33:05]} 8. Qf3 {[%clk 1:33:30]} Qc7 {[%clk 1:33:14]} 9. O-O-O
{[%clk 1:33:11]} Nbd7 {[%clk 1:33:40]} 10. g4 {[%clk 1:32:54]} b5
{[%clk 1:33:33]} 11. Bxf6 {[%clk 1:31:53]} Nxf6 {[%clk 1:33:56]} 12. g5
{[%clk 1:32:13]} Nd7 {[%clk 1:34:18]} 13. f5 {[%clk 1:32:23]} Bxg5+
{[%clk 1:34:33]} 14. Kb1 {[%clk 1:32:46]} Ne5 {[%clk 1:34:50]} 15. Qh5
{[%clk 1:32:17]} Qe7 {[%clk 1:33:05]} 16. Nxe6 {[%clk 1:30:47]} Bxe6
{[%clk 1:32:59]} 17. fxe6 {[%clk 1:29:58]} O-O {[%clk 1:33:09]} 18. Nd5
{[%clk 1:28:47]} Qd8 {[%clk 1:33:10]} 19. h4 {[%clk 1:26:18]} Bf6
{[%clk 1:29:40]} 20. Nxf6+ {[%clk 1:05:34]} Qxf6 {[%clk 1:26:38]} 21. Rxd6
{[%clk 1:04:56]} fxe6 {[%clk 1:25:48]} 22. Bh3 {[%clk 1:04:32]} Nc4
{[%clk 1:24:15]} 23. e5 {[%clk 1:02:39]} Qxe5 {[%clk 1:20:14]} 24. Qxe5
{[%clk 1:00:45]} Nxe5 {[%clk 1:20:24]} 25. Bxe6+ {[%clk 1:00:46]} Kh8
{[%clk 1:20:43]} 26. b3 {[%clk 0:58:44]} Rfd8 {[%clk 1:09:18]} 27. Rhd1
{[%clk 0:58:33]} Rxd6 {[%clk 1:09:35]} 28. Rxd6 {[%clk 0:59:01]} g6
{[%clk 1:09:36]} 29. Bd5 {[%clk 0:45:23]} Ra7 {[%clk 1:08:37]} 30. Re6
{[%clk 0:44:49]} Ng4 {[%clk 1:08:24]} 31. b4 {[%clk 0:40:46]} Kg7
{[%clk 1:07:20]} 32. Rb6 {[%clk 0:39:38]} Ne5 {[%clk 1:07:25]} 33. Rb7+
{[%clk 0:37:49]} Rxb7 {[%clk 1:07:29]} 34. Bxb7 {[%clk 0:38:18]} Kh6
{[%clk 1:06:54]} 35. Bxa6 {[%clk 0:37:51]} Nc4 {[%clk 1:07:22]} 36. a4
{[%clk 0:36:11]} Kh5 {[%clk 1:06:24]} 37. Bxb5 {[%clk 0:36:06]} Nd6
{[%clk 1:06:50]} 38. Bf1 {[%clk 0:24:58]} Kxh4 {[%clk 1:07:08]} 39. b5
{[%clk 0:22:12]} h5 {[%clk 1:07:01]} 40. b6 {[%clk 0:21:29]} Kg3 {[%clk 1:06:30]}
41. Ba6 {[%clk 0:19:03]} Kf4 {[%clk 1:05:03]} 42. b7 {[%clk 0:14:42]} Nxb7
{[%clk 1:04:31]} 43. Bxb7 {[%clk 0:15:11]} Ke5 {[%clk 1:04:49]} 44. a5
{[%clk 0:15:15]} Kd6 {[%clk 1:04:52]} 45. Be4 {[%clk 0:14:52]} g5
{[%clk 1:05:11]} 46. a6 {[%clk 0:15:13]} Kc7 {[%clk 1:05:33]} 47. a7
{[%clk 0:15:40]} 1-0

[Event "XXVII Miedzynarodowy Festiwal Szachowy im. Jozefa Dominika"]
[Site "Dobczyce"]
[Date "2019.07.11"]
[Round "9.1"]
[White "Kyc, Jerzy"]
[Black "Madej, Marek"]
[Result "1-0"]
[BlackElo "1843"]
[WhiteElo "2279"]
[LiveChessVersion "1.4.8"]

1. e4 {[%clk 1:30:59]} e5 {[%clk 1:30:46]} 2. Nf3 {[%clk 1:31:27]} Nc6
{[%clk 1:31:10]} 3. Bb5 {[%clk 1:31:55]} a6 {[%clk 1:31:33]} 4. Ba4
{[%clk 1:32:23]} Nf6 {[%clk 1:31:54]} 5. O-O {[%clk 1:32:13]} Nxe4
{[%clk 1:31:39]} 6. Re1 {[%clk 1:32:25]} Nc5 {[%clk 1:31:44]} 7. Bxc6
{[%clk 1:32:38]} dxc6 {[%clk 1:31:56]} 8. Nxe5 {[%clk 1:33:06]} Be7
{[%clk 1:31:22]} 9. d4 {[%clk 1:33:30]} Ne6 {[%clk 1:31:13]} 10. Be3
{[%clk 1:33:32]} O-O {[%clk 1:30:35]} 11. c3 {[%clk 1:32:57]} Bf6
{[%clk 1:27:06]} 12. f4 {[%clk 1:31:18]} Bxe5 {[%clk 1:26:03]} 13. fxe5
{[%clk 1:29:36]} b6 {[%clk 1:25:37]} 14. c4 {[%clk 1:25:09]} Bb7 {[%clk 1:23:45]}
15. Qg4 {[%clk 1:22:09]} Qe7 {[%clk 1:22:03]} 16. Nc3 {[%clk 1:21:20]} Qb4
{[%clk 1:20:37]} 17. Qe2 {[%clk 1:19:45]} Rad8 {[%clk 1:18:54]} 18. Rad1
{[%clk 1:17:20]} b5 {[%clk 1:17:58]} 19. d5 {[%clk 1:16:44]} cxd5
{[%clk 1:17:58]} 20. cxd5 {[%clk 1:17:08]} Nf4 {[%clk 1:17:58]} 21. Qg4
{[%clk 1:16:31]} Nxd5 {[%clk 1:15:24]} 22. Qxb4 {[%clk 1:16:14]} Nxb4
{[%clk 1:15:50]} 23. Bc5 {[%clk 1:16:41]} Nc6 {[%clk 1:16:14]} 24. Bxf8
{[%clk 1:17:07]} Kxf8 {[%clk 1:16:39]} 25. Rxd8+ {[%clk 1:15:51]} Nxd8
{[%clk 1:17:03]} 26. Rd1 {[%clk 1:15:56]} Ke7 {[%clk 1:17:26]} 27. Kf2
{[%clk 1:16:13]} Ne6 {[%clk 1:17:26]} 28. g3 {[%clk 1:16:02]} c5 {[%clk 1:17:09]}
29. Nd5+ {[%clk 1:16:07]} Bxd5 {[%clk 1:17:30]} 30. Rxd5 {[%clk 1:16:34]} c4
{[%clk 1:17:36]} 31. Ke3 {[%clk 1:16:09]} h5 {[%clk 1:17:05]} 32. a4
{[%clk 1:14:15]} Nc7 {[%clk 1:16:14]} 33. Rc5 {[%clk 1:14:20]} Kd7
{[%clk 1:16:40]} 34. axb5 {[%clk 1:14:22]} axb5 {[%clk 1:17:06]} 35. e6+
{[%clk 1:14:36]} fxe6 {[%clk 1:17:06]} 36. Rxh5 {[%clk 1:14:49]} Kd6
{[%clk 1:16:53]} 37. Rg5 {[%clk 1:15:06]} b4 {[%clk 1:15:23]} 38. Rxg7
{[%clk 1:15:15]} e5 {[%clk 1:14:15]} 39. h4 {[%clk 1:15:13]} c3 {[%clk 1:14:04]}
40. bxc3 {[%clk 1:15:18]} b3 {[%clk 1:14:30]} 41. Kd2 {[%clk 1:15:31]} e4
{[%clk 1:14:26]} 42. Rg8 {[%clk 1:14:44]} Kc5 {[%clk 1:11:36]} 43. Rc8
{[%clk 1:13:48]} Kc6 {[%clk 1:11:22]} 44. Rb8 {[%clk 1:14:05]} Nb5
{[%clk 1:11:30]} 45. c4 {[%clk 1:14:28]} Nd4 {[%clk 1:10:21]} 46. Ke3
{[%clk 1:14:45]} Kc5 {[%clk 1:10:45]} 47. Kxe4 {[%clk 1:15:01]} Kxc4
{[%clk 1:09:34]} 48. Rc8+ {[%clk 1:15:24]} Kd5+ 1-0